| 000 | 00354nam a2200133Ia 4500 | ||
|---|---|---|---|
| 008 | 231129s1969||||xx |||||||||||||| ||spa|| | ||
| 040 | _bspa | ||
| 082 | _a813 W187pr | ||
| 100 | _aWallace Irving | ||
| 245 | 0 | _aEl premio Nobel | |
| 260 | _c1969 | ||
| 264 | _aBarcelona España : Ediciones Martínez Roca : Círculo de Lectores | ||
| 942 |
_2ddc _cBKS |
||
| 999 |
_c12155 _d12155 |
||